000 00324nam a2200121Ia 4500
008 190216s9999||||xx |||||||||||||| ||und||
100 _aRajendra Pal & Prempuri S Chopra
245 0 _aGeneral Insurance Corporation Of India
260 _bSulthan Chand&Sons
_c1991
300 _a265p
650 _aCommerce
942 _cREF
999 _c35739
_d35739